|
|
|
|
| LEADER |
01238nam a2200277 a 4500 |
| 001 |
ateilamb_21_10002064 |
| 008 |
040903s1997 xxu g 001 0 eng d |
| 020 |
|
|
|a 0314201882
|
| 040 |
|
|
|a GrPaTEI
|b gre
|c GR-PaULI
|
| 082 |
|
0 |
|a 004.165
|2 20
|
| 100 |
1 |
|
|a Ayala, Kenneth J.
|
| 245 |
1 |
4 |
|a The 8051 Microcontroller :
|b architecture, programming and applications /
|c Kenneth J. Ayala.
|
| 250 |
|
|
|a 2nd ed.
|
| 260 |
|
|
|a Mineapolois :
|b West Publishing Company,
|c 1997
|
| 300 |
|
|
|a xix.,367 σ. :
|b εικ. ;
|c 25 εκ.
|
| 500 |
|
|
|a Περιλαμβάνει ευρετήριο.
|
| 538 |
|
|
|a System requirements for accompanying computer disk: IBM PC and compatible computers. 512K RAM, DOS version 2.1 or newer, IBM Mono, CGA, EGA, or compatible monitor, two disk drives.
|
| 650 |
|
0 |
|a Digital control systems
|
| 650 |
|
0 |
|a Intel 8051 (Computer)
|
| 650 |
|
0 |
|a Microcontroller
|
| 650 |
|
4 |
|a Μικροελεγκτές
|
| 710 |
|
|
|a West Publishing Company
|
| 942 |
|
|
|2 ddc
|
| 952 |
|
|
|0 0
|1 0
|2 ddc
|4 0
|6 004_165000000000000_AYA
|7 0
|9 318013
|a LISK
|b LISK
|c ALF
|d 2021-01-17
|e 24
|f 0
|g 0.00
|l 0
|o 004.165 AYA
|p 92410017419
|r 2021-01-17 00:00:00
|t 1
|w 2021-01-17
|y BK15
|x 20010301 0 1
|x GrPaTEI
|
| 971 |
|
|
|a .b26962901
|b 01-10-20
|c 28-09-16
|
| 999 |
|
|
|c 180824
|d 180824
|